| 000 | 00354nam a22001217a 4500 | ||
|---|---|---|---|
| 999 |
_c1129 _d1129 |
||
| 005 | 20200825111624.0 | ||
| 008 | 200825b ||||| |||| 00| 0 eng d | ||
| 020 | _a072170011X | ||
| 040 | _cCML | ||
| 245 |
_a The Art of English G4. _cMansfield, R. |
||
| 260 |
_aEngland _bNetherwood Dalton _c1967 |
||
| 942 |
_2ddc _cBK _e1st Edition _h428 _mMAN |
||